Music Quiz

Random Music or Song Quiz

Songs on Taylor Swift's 1989 Quiz Stats

Quiz not verified by Sporcle

Challenge
Share
Tweet
Embed
Score 0/13 Timer 10:00
0 Plays Today
Track # Song Name % Correct
13Clean
93.1%
6Shake It Off
93.1%
1Welcome to New York
92.5%
2Blank Space
91.9%
4Out of the Woods
91.9%
9Wildest Dreams
91.9%
3Style
89.4%
8Bad Blood
88.8%
5All You Had to Do Was Stay
87.5%
11This Love
86.9%
7I Wish You Would
85.6%
12I Know Places
85%
10How You Get the Girl
84.4%

You're not logged in!

Compare scores with friends on all Sporcle quizzes.
Join for Free
OR
Log In

You Might Also Like...

Show Comments

Extras

Top Quizzes Today


Score Distribution

Your Account Isn't Verified!

In order to create a playlist on Sporcle, you need to verify the email address you used during registration. Go to your Sporcle Settings to finish the process.

Report this User

Report this user for behavior that violates our Community Guidelines.

Details: